000 00531nam a22001697a 4500
003 OSt
005 20221103174351.0
008 150522b xxu||||| |||| 00| 0 eng d
040 _cBiblioteca Lado V
082 _a711.6
_bM984e
100 _9304
_aGlissant, Edouard
245 _aEspacios públicos, sueños privados
260 _aMadrid
_bDirección General de Patrimonio Cultural
300 _a206p.
_c21x27cm
650 _2Tesauro de Arte & Arquitectura
_aARQUITECTURA
942 _2ddc
_c1
_h711.6
_iM984e
_n0
999 _c2494
_d2494